LDR 01003nam a2200229 4500 001 000000359680 003 CaOOAMICUS 005 20240905104428.0 008 240905s2020 it 000 u ita r 020 $a978-88-17-15408-6 040 $aSeMil$bita 100 1 $aGray, John,$d<1948- >.$0(OLS)http://semarc/name/118850 240 10$aFeline philosophy.$0(OLS)http://semarc/title/450080 245 10$aFilosofia felina :$bi gatti e il significato dell'esistenza /$cJohn Gray ; traduzione di Carlo Capararo. 300 $a202 p. ;$c20 cm 650 4$aFilosofia - Temi [:] Gatti.$0(OLS)http://semarc/subject/54999 700 1 $aCaparbaro, Carlo.$0(OLS)http://semarc/name/78058 850 $aSeMil 852 $aSeMil$W1$xVenegono$y1$m2P II 1049$j250610$B250728$CSeMilBibl$Z2$F250728 $81 996 $6020$a978-88-17-15408-6$9(OLS)http://semarc/number/299529 996 $6245$aFilosofia felina :$bi gatti e il significato dell'esistenza$9(OLS)http://semarc/title/450079